ბათუმის შოთა რუსთაველის სახელმწიფო უნივერსიტეტის ბიბლიოთეკა

მცხეთის ტოპონიმია. II (ბიბ.ჩანაწერი № 51098)

000 -LEADER
fixed length control field 00706nam a2200217Ia 4500
001 - CONTROL NUMBER
control field 18055
003 - CONTROL NUMBER IDENTIFIER
control field GE_BSU
008 - FIXED-LENGTH DATA ELEMENTS--GENERAL INFORMATION
fixed length control field 181216s||||||||xx |||||||||||||| ||und||
040 ## - CATALOGING SOURCE
Transcribing agency GE_BSU
080 ## - UNIVERSAL DECIMAL CLASSIFICATION NUMBER
Universal Decimal Classification number 81'373.21
100 ## - MAIN ENTRY--PERSONAL NAME
Personal name ღლონტი, ალექსანდრე
245 ## - TITLE STATEMENT
Title მცხეთის ტოპონიმია. II
245 ## - TITLE STATEMENT
Remainder of title ტოპონიმიკური ძიებანი
245 ## - TITLE STATEMENT
Statement of responsibility, etc. რედ. ნ.ასათიანი
260 ## - PUBLICATION, DISTRIBUTION, ETC.
Place of publication, distribution, etc. თბილისი
260 ## - PUBLICATION, DISTRIBUTION, ETC.
Name of publisher, distributor, etc. საბჭ. საქართველო
260 ## - PUBLICATION, DISTRIBUTION, ETC.
Date of publication, distribution, etc. 1975
300 ## - PHYSICAL DESCRIPTION
Extent 77 გვ. ; 22 სმ
653 ## - INDEX TERM--UNCONTROLLED
Uncontrolled term მცხეთის ტოპონიმია
942 ## - ADDED ENTRY ELEMENTS (KOHA)
Koha item type წიგნი
ეგზემპლარები
Withdrawn status Lost status Damaged status Not for loan Date acquired Barcode Date last seen Price effective from Koha item type
        2018-12-17 46008 2018-12-17 2018-12-17 წიგნი